书目信息 |
| 题名: |
高等代数题解精粹
|
|
| 作者: | 钱吉林 , 郭金海 , 熊骏 主编 | |
| 分册: | ||
| 出版信息: | 西安 西北工业大学出版社 2019.3 |
|
| 页数: | ||
| 开本: | 14cm | |
| 丛书名: | ||
| 单 册: | ||
| 中图分类: | O15-44 | |
| 科图分类: | ||
| 主题词: | 高等代数--高等学校--题解 | |
| 电子资源: | ||
| ISBN: | 978-7-5612-6379-2 | |
| 000 | 00934nam0 2200241 450 | |
| 001 | 2078966242 | |
| 005 | 20201108215613.11 | |
| 010 | @a978-7-5612-6379-2@dCNY39.00 | |
| 100 | @a20200530d2019 em y0chiy0110 ea | |
| 101 | 0 | @achi |
| 102 | @aCN@b610000 | |
| 105 | @af z 000zy | |
| 200 | 1 | @a高等代数题解精粹@9Gao Deng Dai Shu Ti Jie Jing Cui@f钱吉林,郭金海,熊骏主编 |
| 210 | @a西安@c西北工业大学出版社@d2019.3 | |
| 215 | @d14cm | |
| 330 | @a本书是针对数学系专业学生专门编写的学习辅导题集。全书共分9章,章下面是节,每节又分若干个考点,涉及近100所全国重点高校的考研真题。本书可供理科、工科、经济类专业学生学习《线性代数》与《高等代数》的参考书,也是高校数学教师的教学参考资料。 | |
| 606 | 0 | @a高等代数@x高等学校@x题解 |
| 690 | 0 | @aO15-44@v5 |
| 701 | 0 | @a钱吉林@9Qian Ji Lin@4主编 |
| 701 | 0 | @a郭金海@9Guo Jin Hai@4主编 |
| 701 | 0 | @a熊骏@9Xiong Jun@4主编 |
| 801 | 0 | @aCN@b(网众)采访数据@c20201024 |
| 905 | @aZUCC@dO15-44@eQ203 | |
| 高等代数题解精粹/钱吉林,郭金海,熊骏主编.-西安:西北工业大学出版社,2019.3 |
| 14cm |
| ISBN 978-7-5612-6379-2:CNY39.00 |
| 本书是针对数学系专业学生专门编写的学习辅导题集。全书共分9章,章下面是节,每节又分若干个考点,涉及近100所全国重点高校的考研真题。本书可供理科、工科、经济类专业学生学习《线性代数》与《高等代数》的参考书,也是高校数学教师的教学参考资料。 |
| ● |
| 相关链接 |
|
|
|
正题名:高等代数题解精粹
索取号:O15-44/Q203
 
预约/预借
| 序号 | 登录号 | 条形码 | 馆藏地/架位号 | 状态 | 备注 |
| 1 | 1509322 | 215093226 | 自科库401/401自科库 41排1列1层/ [索取号:O15-44/Q203] | 在馆 | |
| 2 | 1509323 | 215093235 | 自科库401/401自科库 41排1列1层/ [索取号:O15-44/Q203] | 在馆 | |
| 3 | 1509324 | 215093244 | 自科库401/401自科库 41排1列1层/ [索取号:O15-44/Q203] | 在馆 |